| 000 | 00604nam a2200229 a 4500 | ||
|---|---|---|---|
| 999 |
_c5316 _d5316 |
||
| 001 | 5316 | ||
| 003 | BD-JhCC | ||
| 005 | 20171212172201.0 | ||
| 008 | 171212s1985 i a|||| ||a| 000 0 eng d | ||
| 020 | _a0673180379 | ||
| 035 | _a(BD-JhCC) 5316 | ||
| 040 |
_aBD-JhCC _dBD-JhCC |
||
| 041 | _aeng | ||
| 082 |
_a428.40211 _bSMI 1985 |
||
| 100 | _aSmith, Brenda D. | ||
| 245 |
_aBRIDGING THE GAP: College Reading / _c Brenda D.Smith |
||
| 260 |
_aLondon : _bScott, Foresman and Company _c1985 |
||
| 300 |
_a376 p .: _c23 cm . |
||
| 650 | _aReading (Higher education | ||
| 942 |
_2ddc _cBK |
||